000 00547nam a22001937a 4500
003 KOHA_MİRAKIL
005 20260324124824.0
008 260324b tu ||||| |||| 00| 0 tur d
020 _a9789757298021
040 _aTR-AnABB
_btur
_cTR-AnABB
041 _atur
082 _a320.09
_bSEN 2011
100 1 _aŞenel, Alaaddin
245 1 0 _aSiyasal Düşünceler Tarihi /
_cAlaaddin Şenel
260 _aAnkara
_bBilim Ve Sanat Yayınları,
_c2020
300 _a404 sayfa :
_c20 cm
650 0 4 _aSiyasal Bilimler
942 _2ddc
_cBK
999 _c10019
_d10019
900 _bCem ÖZOGLU